000 00437nam a2200181Ia 4500
003 OSt
005 20240405152008.0
008 210210b xxu||||| |||| 00| 0 eng d
040 _cAL
041 _aeng
082 _a382/47 TANH
100 _aTANDON (B N)
_972884
245 _aHandbook of Practical Auditing
260 _aNew Delhi
_bS Chand and Company Ltd
_c1989
690 _aAuditing
_972885
906 _a042351
942 _2ddc
_cBK
999 _c117613
_d117613